000 00557nam a2200181 4500
001 144072
003 ES-MaACL
005 20230906200933.0
007 t|
008 070214s1947 xxu r ||||1| eng d
100 1 _aShurtleff, Bertrand.
_9106175
245 1 0 _aLong lash /
_cby Bertrand Shurtleff ; jacket drawing and illustrations by Diana Thorne.
250 _a1ยช. ed.
260 _aIndianapolis (USA) :
_bThe Bobbs Merrill Comp.,
_c1947.
300 _a273 p. ;
_c21 cm.
700 1 _aThorne, Diana.
_9110146
852 _aES-MaACL
_jC-25566
_bR.54131
999 _c144072
_d144072